[Event "Benidorm Bali op-A"]
[Site "Benidorm"]
[Date "2023.12.07"]
[Round "8"]
[White "Torres Sanchez, Jose"]
[Black "Gomez Dieguez, David"]
[Result "0-1"]
[WhiteElo "2216"]
[BlackElo "2303"]
[PlyCount "96"]
[EventDate "2023.12.01"]
[EventType "swiss"]
[EventRounds "9"]
[EventCountry "ESP"]
[SourceTitle "CB50_2023"]
[SourceDate "2023.12.13"]
[SourceVersion "1"]
[SourceVersionDate "2023.12.13"]
[SourceQuality "1"]

1. e4 e5 2. Bc4 Nf6 3. d3 Nc6 4. Nf3 Bc5 5. c3 a6 6. 0-0 Ba7 7. Re1 d6 8. Be3 Bxe3 9. Rxe3 0-0 10. d4 exd4 11. cxd4 d5 12. exd5 Nxd5 13. Bxd5 Qxd5 14. Nc3 Qd8 15. d5 Ne7 16. Ne5 Nf5 17. Re2 Nd6 18. Rc1 Qg5 19. Re3 Nf5 20. Re4 Nd6 21. Re1 Bh3 22. Qf3 Rae8 23. Qg3 Rxe5 24. gxh3 Rfe8 25. Rxe5 Rxe5 26. f4 Qh6 27. Rc2 Re7 28. Ne2 Nf5 29. Qg5 Qb6+ 30. Kh1 g6 31. Qg1 Qb5 32. Nc3 Qd3 33. Qf2 Qxh3 34. Re2 Rxe2 35. Nxe2 Qd3 36. Nc3 Ne3 37. Qf3 Qd2 38. h3 b5 39. a3 h5 40. Kg1 Qc1+ 41. Kf2 Qxb2+ 42. Ne2 Nf5 43. Qd3 a5 44. Ke1 b4 45. axb4 Qxb4+ 46. Kd1 a4 47. Kc1 a3 48. Qc3 Qe4 0-1

[Event "Benidorm op-A"]
[Site "Benidorm"]
[Date "2023.10.30"]
[Round "2"]
[White "Ramoutar, Alan Safar"]
[Black "Torres Sanchez, Jose"]
[Result "1/2-1/2"]
[WhiteElo "2330"]
[BlackElo "2187"]
[PlyCount "136"]
[EventDate "2023.10.29"]
[EventType "swiss"]
[EventRounds "9"]
[EventCountry "ESP"]
[SourceTitle "Mega2024 Update 01"]
[Source "Chessbase"]
[SourceDate "2023.11.12"]
[SourceVersion "1"]
[SourceVersionDate "2023.11.12"]
[SourceQuality "1"]

1. e4 g6 2. d4 Bg7 3. Nc3 a6 4. Nf3 d6 5. Be2 b5 6. 0-0 Bb7 7. Re1 e6 8. a4 c6 9. d5 b4 10. Na2 exd5 11. exd5 Ne7 12. Nxb4 c5 13. Na2 0-0 14. c4 Bc8 15. Bd3 h6 16. Rb1 Bg4 17. h3 Bxf3 18. Qxf3 Nd7 19. Qd1 Rb8 20. Bd2 Ne5 21. Bf1 Nf5 22. b4 Nd4 23. b5 Re8 24. f4 Nd7 25. Rxe8+ Qxe8 26. bxa6 Ra8 27. Nc3 Rxa6 28. Bd3 Qd8 29. Rb7 Rb6 30. Rxb6 Qxb6 31. Nb5 Nxb5 32. axb5 Bd4+ 33. Kh2 Qa7 34. Qb1 Kg7 35. Bc2 h5 36. f5 Be5+ 37. Kh1 Qa3 38. Qe1 Qb2 39. Bd3 Qb3 40. Qb1 Qa3 41. fxg6 fxg6 42. Be3 h4 43. Bg5 Qc3 44. Bxh4 Qd4 45. Bg5 Qf2 46. Qg1 Qg3 47. Be3 Nb6 48. Be2 Na4 49. Bf2 Qf4 50. Be3 Qg3 51. Bf1 Nb6 52. Bf2 Qb3 53. Be2 Nxc4 54. Qd1 Qc3 55. Be1 Qe3 56. Qd3 Qc1 57. Qd1 Qe3 58. Bxc4 Qf4 59. g3 Qe4+ 60. Kh2 Qxc4 61. b6 Qb5 62. Bf2 Qxb6 63. Qg4 Qb2 64. Qd7+ Kh6 65. Qf7 Qe2 66. Qf8+ Kh7 67. Qf7+ Kh6 68. Qf8+ Kh7 1/2-1/2

[Event "Mislata op 56th"]
[Site "Mislata"]
[Date "2023.08.15"]
[Round "3"]
[White "Torres Sanchez, Jose"]
[Black "Salvador Buiza, Victor"]
[Result "1/2-1/2"]
[WhiteElo "2176"]
[BlackElo "2102"]
[PlyCount "150"]
[EventDate "2023.08.14"]
[EventType "swiss"]
[EventRounds "9"]
[EventCountry "ESP"]
[SourceTitle "CBM 215 Extra"]
[Source "ChessBase"]
[SourceDate "2023.09.30"]
[SourceVersion "1"]
[SourceVersionDate "2023.09.30"]
[SourceQuality "1"]

1. e4 c5 2. Nc3 Nc6 3. Bb5 Nd4 4. Nf3 a6 5. Bd3 Nc6 6. a4 e6 7. 0-0 g6 8. e5 Bg7 9. Re1 Qc7 10. Qe2 Nge7 11. b3 0-0 12. Bb2 Nd5 13. Bc4 Nxc3 14. Bxc3 f6 15. a5 fxe5 16. Nxe5 Nxe5 17. Bxe5 Bxe5 18. Qxe5 Qxe5 19. Rxe5 d5 20. Bf1 Bd7 21. c4 Rf5 22. Rxf5 gxf5 23. cxd5 exd5 24. Rc1 Rc8 25. f4 Kf7 26. g3 Ke6 27. Kf2 Kd6 28. Bd3 Be6 29. Be2 Rc6 30. Ra1 Bc8 31. h3 b5 32. axb6 Rxb6 33. Ra3 h6 34. g4 fxg4 35. hxg4 Rb4 36. Kg3 c4 37. bxc4 dxc4 38. Ra2 Ke7 39. Kh4 c3 40. Rc2 Rxf4 41. Rxc3 Be6 42. Rc7+ Kf6 43. Rc6 a5 44. Kg3 Rd4 45. d3 Kf7 46. Ra6 a4 47. Kh4 Bf5 48. Kh5 Bxd3 49. Bxd3 Rxd3 50. Kxh6 a3 51. Ra7+ Kf8 52. g5 Rh3+ 53. Kg6 Rf3 54. Ra8+ Ke7 55. Kg7 Rf7+ 56. Kg8 Rf5 57. g6 Rg5 58. g7 Rg3 59. Ra7+ Ke8 60. Ra5 Ke7 61. Ra4 Ke8 62. Ra8+ Ke7 63. Ra5 Ke8 64. Re5+ Kd7 65. Re2 Kc6 66. Kf8 Kb5 67. Re5+ Ka4 68. Re4+ Ka5 69. Re3 Rxg7 70. Kxg7 Ka4 71. Kf6 a2 72. Re1 Kb3 73. Ke5 Kb2 74. Kd4 a1Q 75. Rxa1 Kxa1 1/2-1/2

[Event "Sueca op 7th"]
[Site "Sueca"]
[Date "2023.08.12"]
[Round "7"]
[White "Torres Sanchez, Jose"]
[Black "Rubio Tent, Francisco"]
[Result "1/2-1/2"]
[WhiteElo "2176"]
[BlackElo "2297"]
[PlyCount "150"]
[EventDate "2023.08.07"]
[EventType "swiss"]
[EventRounds "9"]
[EventCountry "ESP"]
[SourceTitle "CBM 215 Extra"]
[Source "ChessBase"]
[SourceDate "2023.09.30"]
[SourceVersion "1"]
[SourceVersionDate "2023.09.30"]
[SourceQuality "1"]

1. c4 c6 2. e4 d5 3. exd5 cxd5 4. cxd5 Nf6 5. Nc3 Nxd5 6. d4 Nc6 7. Nf3 g6 8. Qb3 Nxc3 9. Bc4 Nd5 10. Bxd5 e6 11. Bxc6+ bxc6 12. 0-0 Qd5 13. Qc3 Bg7 14. Bf4 0-0 15. Rfe1 Bb7 16. Qb4 Qb5 17. Qe7 Rfe8 18. Qa3 Red8 19. Be5 f6 20. Bd6 Qd5 21. Bc5 a5 22. Re3 a4 23. Rae1 Re8 24. Be7 Bc8 25. Rc1 Qd7 26. Bd6 Bh6 27. Rce1 Bxe3 28. fxe3 Ba6 29. e4 Rad8 30. Bc5 Bb5 31. Qc3 Qg7 32. Qb4 g5 33. Nd2 h5 34. b3 Ra8 35. a3 h4 36. Nc4 Bxc4 37. Qxc4 axb3 38. Qxb3 g4 39. Rf1 Rab8 40. Bb4 Rb7 41. Qc4 Rc7 42. Bd6 Rcc8 43. e5 fxe5 44. dxe5 Kh8 45. Rf4 Qg5 46. h3 Rg8 47. Qe4 Qg6 48. Rxg4 Qxe4 49. Rxe4 Rg3 50. Rxh4+ Kg7 51. Kf2 Rc3 52. Rg4+ Kh6 53. Rf4 c5 54. Rf6+ Kg7 55. Rxe6 Rxa3 56. Re7+ Kg6 57. Re6+ Kg7 58. Re7+ Kg6 59. Re6+ Kf5 60. Rf6+ Ke4 61. e6 Ra2+ 62. Ke1 Kd5 63. e7 Rxg2 64. Rf8 Rg8 65. Rxc8 Rxc8 66. Bc7 Rg8 67. Kd2 Kd4 68. Bg3 Re8 69. Bh4 Ra8 70. Bf6+ Kd5 71. h4 Ke6 72. Bg5 Kf7 73. Kc3 Ra4 74. Kb3 Re4 75. Kc3 Rxe7 1/2-1/2

[Event "Sueca op 7th"]
[Site "Sueca"]
[Date "2023.08.08"]
[Round "2"]
[White "Torres Sanchez, Jose"]
[Black "Gonzalez Lopez, Lucas I"]
[Result "1-0"]
[WhiteElo "2176"]
[BlackElo "1824"]
[PlyCount "55"]
[EventDate "2023.08.07"]
[EventType "swiss"]
[EventRounds "9"]
[EventCountry "ESP"]
[SourceTitle "CBM 215 Extra"]
[Source "ChessBase"]
[SourceDate "2023.09.30"]
[SourceVersion "1"]
[SourceVersionDate "2023.09.30"]
[SourceQuality "1"]

1. e4 c5 2. Nc3 e6 3. Nf3 Nc6 4. d4 cxd4 5. Nxd4 Qc7 6. g3 a6 7. Bg2 Nf6 8. 0-0 Nxd4 9. Qxd4 Bc5 10. Bf4 d6 11. Qd3 h6 12. Na4 g5 13. Bd2 Bd7 14. Nxc5 Qxc5 15. a3 Bb5 16. Qf3 Nd7 17. Bb4 Qc7 18. Rfd1 Nc5 19. Qf6 Rh7 20. a4 Bc6 21. Rd2 a5 22. Bxc5 dxc5 23. e5 Bxg2 24. Kxg2 Rd8 25. Rad1 Rxd2 26. Rxd2 Qe7 27. Qf3 Rh8 28. Rd6 1-0

[Event "Sueca op 7th"]
[Site "Sueca"]
[Date "2023.08.07"]
[Round "1"]
[White "Serrano Requena, Guillem"]
[Black "Torres Sanchez, Jose"]
[Result "0-1"]
[WhiteElo "1568"]
[BlackElo "2176"]
[PlyCount "54"]
[EventDate "2023.08.07"]
[EventType "swiss"]
[EventRounds "9"]
[EventCountry "ESP"]
[SourceTitle "CBM 215 Extra"]
[Source "ChessBase"]
[SourceDate "2023.09.30"]
[SourceVersion "1"]
[SourceVersionDate "2023.09.30"]
[SourceQuality "1"]

1. d4 g6 2. Nf3 Bg7 3. Bf4 d6 4. e3 Nd7 5. c3 e5 6. Bg3 Nh6 7. h3 0-0 8. Bc4 Nf5 9. Bh2 Qe7 10. 0-0 Kh8 11. Re1 e4 12. Nfd2 Nh4 13. Qc2 Nf6 14. Nf1 Bxh3 15. Bg3 Nxg2 16. Nbd2 Nxe1 17. Rxe1 d5 18. Be2 Nh5 19. Kh2 Nxg3 20. fxg3 Be6 21. Kg2 f5 22. Nb3 b6 23. Qd2 g5 24. Nh2 f4 25. exf4 gxf4 26. gxf4 Bh6 27. Bh5 Qh4 0-1

[Event "Mislata op rapid"]
[Site "Mislata"]
[Date "2022.08.19"]
[Round "7"]
[White "Chernikov, Vladimir"]
[Black "Torres Sanchez, Jose"]
[Result "1-0"]
[WhiteElo "2258"]
[BlackElo "2239"]
[PlyCount "73"]
[EventDate "2022.08.15"]
[EventType "swiss (rapid)"]
[EventRounds "8"]
[EventCountry "ESP"]
[SourceTitle "EXT 2024"]
[Source "ChessBase"]
[SourceDate "2023.10.10"]
[SourceVersion "1"]
[SourceVersionDate "2023.10.10"]
[SourceQuality "1"]

1. Nf3 g6 2. d4 Nf6 3. Nbd2 Bg7 4. e4 d6 5. Bd3 0-0 6. 0-0 c5 7. dxc5 dxc5 8. Qe2 Nc6 9. c3 Nh5 10. Nb3 Bg4 11. Rd1 Ne5 12. Qe3 b6 13. Be2 Qc8 14. h3 Bxf3 15. Bxf3 Nxf3+ 16. Qxf3 Qe6 17. Qg4 Qe5 18. Rd5 f5 19. Rxe5 fxg4 20. Rxe7 gxh3 21. gxh3 Bf6 22. Rb7 Bh4 23. Bh6 Rxf2 24. e5 Rf5 25. e6 Bg5 26. Bxg5 Rxg5+ 27. Kh1 Ng3+ 28. Kh2 Rf8 29. h4 Re5 30. Kxg3 Re3+ 31. Kg2 Re2+ 32. Kg3 Re3+ 33. Kg2 Re2+ 34. Kg1 Rff2 35. Rf7 Rg2+ 36. Kf1 Rxb2 37. Rd1 1-0

[Event "Mislata op rapid"]
[Site "Mislata"]
[Date "2022.08.17"]
[Round "4"]
[White "Torres Sanchez, Jose"]
[Black "Cayon Pelaez, Pablo"]
[Result "1-0"]
[WhiteElo "2239"]
[BlackElo "2138"]
[PlyCount "77"]
[EventDate "2022.08.15"]
[EventType "swiss (rapid)"]
[EventRounds "8"]
[EventCountry "ESP"]
[SourceTitle "EXT 2024"]
[Source "ChessBase"]
[SourceDate "2023.10.10"]
[SourceVersion "1"]
[SourceVersionDate "2023.10.10"]
[SourceQuality "1"]

1. Nf3 d5 2. e3 Nf6 3. c4 c6 4. Nc3 e6 5. b3 Bd6 6. Bb2 0-0 7. Qc2 Nbd7 8. g4 Nxg4 9. Rg1 f5 10. h3 Ngf6 11. Be2 Re8 12. cxd5 cxd5 13. Nb5 Bb8 14. Rc1 a6 15. Nc7 Bxc7 16. Qxc7 g6 17. Ne5 Qxc7 18. Rxc7 Nxe5 19. Bxe5 Rf8 20. h4 Rf7 21. Rc1 Nd7 22. Bb2 Nf8 23. f4 Bd7 24. h5 Rc8 25. Kf2 Rxc1 26. Rxc1 Bc6 27. Bxa6 gxh5 28. Be2 Ng6 29. Bxh5 Rc7 30. b4 Rc8 31. a4 Bd7 32. Ra1 Be8 33. Be2 Ne7 34. b5 Ra8 35. a5 Nc8 36. Be5 Kf7 37. Rc1 Ne7 38. Rc7 Rxa5 39. Rxb7 1-0

[Event "Sueca op 6th"]
[Site "Sueca"]
[Date "2022.07.29"]
[Round "6"]
[White "Balada Moreno, Jose Luis"]
[Black "Torres Sanchez, Jose"]
[Result "1/2-1/2"]
[WhiteElo "1989"]
[BlackElo "2225"]
[PlyCount "61"]
[EventDate "2022.07.25"]
[EventType "swiss"]
[EventRounds "9"]
[EventCountry "ESP"]
[SourceTitle "CBM 209 Extra"]
[Source "ChessBase"]
[SourceDate "2022.09.30"]
[SourceVersion "1"]
[SourceVersionDate "2022.09.30"]
[SourceQuality "1"]

1. Nf3 c5 2. e4 e6 3. d3 Nc6 4. Nbd2 d5 5. g3 g6 6. Bg2 Bg7 7. 0-0 Nge7 8. Re1 Qc7 9. c3 b6 10. Nf1 0-0 11. h4 dxe4 12. dxe4 Ba6 13. Bd2 Rfd8 14. Qc1 Ne5 15. Nxe5 Bxe5 16. h5 Bxf1 17. Rxf1 gxh5 18. Bg5 Rd3 19. Rd1 Rad8 20. Rxd3 Rxd3 21. Bf1 Rd8 22. Bh4 Kh8 23. Qg5 f6 24. Qxh5 Rf8 25. Bh3 f5 26. Bxe7 Qxe7 27. exf5 exf5 28. Re1 Qf6 29. Qe2 Bd6 30. Qe6 f4 31. Qxf6+ 1/2-1/2

[Event "La Roda op 47th"]
[Site "La Roda"]
[Date "2021.12.05"]
[Round "3"]
[White "Torres Sanchez, Jose"]
[Black "Tabuenca Mendataurigoitia, Daniel"]
[Result "0-1"]
[WhiteElo "2241"]
[BlackElo "2094"]
[PlyCount "130"]
[EventDate "2021.12.04"]
[EventType "swiss"]
[EventRounds "9"]
[EventCountry "ESP"]
[SourceTitle "CBM 205 Extra"]
[Source "ChessBase"]
[SourceDate "2022.01.31"]
[SourceVersion "1"]
[SourceVersionDate "2022.01.31"]
[SourceQuality "1"]

1. Nf3 d5 2. e3 Nf6 3. c4 g6 4. b3 Bg7 5. Bb2 dxc4 6. Bxc4 c5 7. 0-0 0-0 8. d4 cxd4 9. Nxd4 Bd7 10. Nd2 Nc6 11. N2f3 Qa5 12. Nxc6 Bxc6 13. Ne5 Bd5 14. Qe2 Rfd8 15. Rfd1 Rac8 16. e4 Bxc4 17. Nxc4 Qa6 18. a4 Ne8 19. Bxg7 Nxg7 20. Rxd8+ Rxd8 21. Rd1 Rc8 22. Rd5 Qf6 23. g3 Ne6 24. Qe3 b6 25. Kg2 Nc5 26. a5 Qe6 27. Re5 Qf6 28. Rd5 Qe6 29. f3 Qc6 30. axb6 axb6 31. Qf4 Nxb3 32. Ne5 Qf6 33. Qxf6 exf6 34. Nd7 Rc6 35. Rb5 Nd4 36. Rxb6 Rc2+ 37. Kf1 Nxf3 38. Nxf6+ Kg7 39. h4 Nd2+ 40. Ke1 Nc4 41. Ra6 Ne5 42. Kf1 Nd3 43. Rd6 Rf2+ 44. Kg1 Rf3 45. Ne8+ Kf8 46. Nf6 Ke7 47. e5 Nxe5 48. Ne4 f5 49. Rd5 Ng4 50. Ng5 Rxg3+ 51. Kh1 h6 52. h5 hxg5 53. hxg6 Kf6 54. Rd6+ Kg7 55. Rd7+ Kxg6 56. Rg7+ Kf6 57. Rf7+ Ke6 58. Re7+ Kd5 59. Rd7+ Ke4 60. Rd4+ Kf3 61. Rf4+ Ke2 62. Rxf5 Ne3 63. Rf8 Rf3 64. Rg8 g4 65. Kg1 g3 0-1

[Event "La Nucia op"]
[Site "La Nucia"]
[Date "2021.10.08"]
[Round "3"]
[White "Solodovnichenko, Yuri"]
[Black "Torres Sanchez, Jose"]
[Result "1-0"]
[WhiteElo "2577"]
[BlackElo "2275"]
[PlyCount "75"]
[EventDate "2021.10.06"]
[EventType "swiss"]
[EventRounds "9"]
[EventCountry "ESP"]
[SourceTitle "CBM 204 Extra"]
[Source "ChessBase"]
[SourceDate "2021.11.30"]
[SourceVersion "1"]
[SourceVersionDate "2021.11.30"]
[SourceQuality "1"]

1. e4 c5 2. Nf3 d6 3. d4 cxd4 4. Nxd4 Nf6 5. Nc3 Bd7 6. Bg5 e6 7. Ndb5 Bxb5 8. Bxb5+ Nc6 9. Qf3 Be7 10. e5 dxe5 11. Bxc6+ bxc6 12. Qxc6+ Kf8 13. 0-0 Qc8 14. Qf3 Rb8 15. Rab1 h6 16. Bh4 g5 17. Bg3 Nd7 18. Rfd1 f6 19. h4 Kg7 20. Ne4 Rd8 21. b3 Qc6 22. Nxg5 Rbc8 23. Ne4 f5 24. Rxd7 Qxd7 25. Bxe5+ Kh7 26. Ng5+ Bxg5 27. hxg5 Qf7 28. Bf6 Rd7 29. c4 hxg5 30. Bxg5 Qg6 31. Bf4 Rcd8 32. Re1 Kg8 33. c5 Rd3 34. Qe2 Kf7 35. c6 Rg8 36. g3 Rd5 37. Qa6 Qg4 38. c7 1-0

[Event "La Nucia op"]
[Site "La Nucia"]
[Date "2021.10.07"]
[Round "2"]
[White "Sumets, Andrey"]
[Black "Torres Sanchez, Jose"]
[Result "1/2-1/2"]
[WhiteElo "2497"]
[BlackElo "2275"]
[PlyCount "123"]
[EventDate "2021.10.06"]
[EventType "swiss"]
[EventRounds "9"]
[EventCountry "ESP"]
[SourceTitle "CBM 204 Extra"]
[Source "ChessBase"]
[SourceDate "2021.11.30"]
[SourceVersion "1"]
[SourceVersionDate "2021.11.30"]
[SourceQuality "1"]

1. d4 Nf6 2. c4 c5 3. d5 e6 4. Nc3 exd5 5. cxd5 d6 6. e4 g6 7. Bd3 Bg7 8. h3 a6 9. a4 Nbd7 10. Nf3 Nh5 11. Bg5 Bf6 12. Bh6 Ne5 13. Be2 b6 14. 0-0 Nxf3+ 15. Bxf3 Ng7 16. Qd2 0-0 17. Be2 Be5 18. f4 Bd4+ 19. Kh2 f5 20. Bf3 Ra7 21. Rae1 Re8 22. Bg5 Bf6 23. Bxf6 Qxf6 24. exf5 gxf5 25. Rxe8+ Nxe8 26. Rb1 Rc7 27. Ne2 Bd7 28. b3 b5 29. axb5 axb5 30. Ng3 Qd4 31. Qxd4 cxd4 32. Ne2 d3 33. Nd4 Rc3 34. Rd1 b4 35. Kg3 Nc7 36. Kf2 Nb5 37. Nxb5 Bxb5 38. Rb1 d2 39. Rd1 Rxb3 40. Rxd2 Ra3 41. Rb2 b3 42. Ke3 Ba4 43. Kd4 Ra1 44. Kc3 Kg7 45. Re2 Rc1+ 46. Kb2 Rc2+ 47. Rxc2 bxc2 48. g4 fxg4 49. hxg4 h6 50. Be4 Bb3 51. Bxc2 Bxd5 52. Kc3 Be6 53. Bd1 Kf6 54. Kd4 Bf7 55. Bf3 Be6 56. Ke3 Bd7 57. Kf2 Be6 58. Kg3 Bd7 59. Kh4 Be8 60. Be4 Bf7 61. Bd3 Be8 62. g5+ 1/2-1/2

[Event "EU-Cup 36th"]
[Site "Struga"]
[Date "2021.09.19"]
[Round "2.11"]
[White "Wengholm, Anders"]
[Black "Torres Sanchez, Jose"]
[Result "1/2-1/2"]
[WhiteElo "2198"]
[BlackElo "2271"]
[PlyCount "68"]
[EventDate "2021.09.18"]
[EventType "team-swiss"]
[EventRounds "7"]
[EventCountry "MKD"]
[SourceTitle "CBM 204 Extra"]
[Source "ChessBase"]
[SourceDate "2021.11.30"]
[SourceVersion "1"]
[SourceVersionDate "2021.11.30"]
[SourceQuality "1"]
[WhiteTeam "Pelaro Alingsas"]
[BlackTeam "Andreu Paterna"]
[WhiteTeamCountry "SWE"]
[BlackTeamCountry "ESP"]

1. Nf3 d6 2. d4 g6 3. g3 Bg7 4. Bg2 c5 5. 0-0 cxd4 6. Nxd4 Nf6 7. c4 0-0 8. Nc3 Nc6 9. Nxc6 bxc6 10. Bxc6 Bh3 11. Bxa8 Qxa8 12. f3 Bxf1 13. Kxf1 Qc8 14. Qd3 Nd7 15. b3 Ne5 16. Qc2 d5 17. Kg2 dxc4 18. Rb1 Rd8 19. Bb2 cxb3 20. axb3 Qb7 21. Ne4 Rc8 22. Qd1 h6 23. Nf2 h5 24. Bxe5 Bxe5 25. Nd3 Bd4 26. Rc1 Rd8 27. Qc2 Rb8 28. b4 Be3 29. Rb1 Qb5 30. Ra1 Bb6 31. Rc1 Qg5 32. Qc4 Rd8 33. Qf4 Qd5 34. Qc4 Qf5 1/2-1/2

[Event "Paterna Blitz"]
[Site "Paterna"]
[Date "2020.09.30"]
[Round "3"]
[White "Torres Sanchez, Jose"]
[Black "Vallejo Pons, Francisco"]
[Result "0-1"]
[WhiteElo "2250"]
[BlackElo "2615"]
[PlyCount "52"]
[EventDate "2020.09.30"]
[EventType "tourn (blitz)"]
[EventRounds "9"]
[EventCountry "ESP"]
[EventCategory "8"]
[SourceTitle "EXT 2023"]
[Source "ChessBase"]
[SourceDate "2022.10.05"]
[SourceVersion "1"]
[SourceVersionDate "2022.10.05"]
[SourceQuality "1"]

1. Nf3 d5 2. d4 e6 3. c4 a6 4. cxd5 exd5 5. Nc3 c6 6. Bf4 Bd6 7. e3 Bxf4 8. exf4 Bg4 9. Be2 Bxf3 10. Bxf3 Ne7 11. Qd2 0-0 12. 0-0-0 Nd7 13. g4 Nb6 14. Be2 Nc4 15. Bxc4 dxc4 16. Rhe1 b5 17. f5 b4 18. Ne4 Nd5 19. g5 c3 20. Qc2 cxb2+ 21. Kb1 Re8 22. g6 hxg6 23. fxg6 fxg6 24. Qb3 Qh4 25. Nd6 Rxe1 26. Rxe1 Qxf2 0-1

[Event "Paterna Blitz"]
[Site "Paterna"]
[Date "2020.09.30"]
[Round "9"]
[White "Yuffa, Daniil"]
[Black "Torres Sanchez, Jose"]
[Result "1-0"]
[WhiteElo "2524"]
[BlackElo "2250"]
[PlyCount "69"]
[EventDate "2020.09.30"]
[EventType "tourn (blitz)"]
[EventRounds "9"]
[EventCountry "ESP"]
[EventCategory "8"]
[SourceTitle "EXT 2023"]
[Source "ChessBase"]
[SourceDate "2022.10.05"]
[SourceVersion "1"]
[SourceVersionDate "2022.10.05"]
[SourceQuality "1"]

1. d4 Nf6 2. c4 g6 3. Nc3 Bg7 4. e4 d6 5. Nf3 0-0 6. Be2 c6 7. 0-0 e5 8. Re1 Na6 9. Be3 Ng4 10. Bg5 f6 11. Bh4 h5 12. Bg3 Qe7 13. h3 Nh6 14. c5 dxc5 15. Bxa6 bxa6 16. dxe5 fxe5 17. Rc1 g5 18. Na4 h4 19. Bh2 g4 20. hxg4 Bxg4 21. Nxc5 h3 22. Qb3+ Kh8 23. Qc3 Rae8 24. Re3 Nf7 25. gxh3 Bc8 26. Bg3 Bh6 27. Bh4 Ng5 28. Nxg5 Bxg5 29. Bxg5 Qxg5+ 30. Rg3 Qh5 31. Re1 Re7 32. Nd3 Bxh3 33. Nxe5 Rxe5 34. Rxh3 Rg8+ 35. Kf1 1-0

[Event "Benidorm op U2300 18th"]
[Site "Benidorm"]
[Date "2019.12.07"]
[Round "10"]
[White "Torres Sanchez, Jose"]
[Black "Sawant, Akshay"]
[Result "1-0"]
[WhiteElo "2238"]
[BlackElo "1793"]
[PlyCount "67"]
[EventDate "2019.11.29"]
[EventType "swiss"]
[EventRounds "10"]
[EventCountry "ESP"]
[SourceTitle "EXT 2022"]
[Source "ChessBase"]
[SourceDate "2021.10.06"]
[SourceVersion "1"]
[SourceVersionDate "2021.10.06"]
[SourceQuality "1"]

1. Nf3 Nf6 2. c4 g6 3. Nc3 Bg7 4. d4 0-0 5. g3 d6 6. Bg2 Nbd7 7. 0-0 e5 8. e4 exd4 9. Nxd4 c6 10. Re1 Re8 11. h3 Nc5 12. Nb3 Ne6 13. Be3 Qe7 14. Qd2 Nd7 15. f4 Ndc5 16. Rad1 Nxb3 17. axb3 Rd8 18. Qf2 Bxc3 19. bxc3 c5 20. f5 Nf8 21. Qf4 f6 22. h4 b6 23. Rf1 gxf5 24. exf5 Rb8 25. Rfe1 Qd7 26. Qg4+ Kh8 27. Bh6 Ng6 28. Re6 Ne5 29. Rxe5 fxe5 30. Qg5 Bb7 31. Qf6+ Kg8 32. Rxd6 Qc7 33. Qg5+ Kh8 34. Bg7+ 1-0

[Event "Benidorm op U2300 18th"]
[Site "Benidorm"]
[Date "2019.12.04"]
[Round "7"]
[White "Garcia Molina, Francisco Miguel"]
[Black "Torres Sanchez, Jose"]
[Result "1/2-1/2"]
[WhiteElo "2219"]
[BlackElo "2238"]
[PlyCount "58"]
[EventDate "2019.11.29"]
[EventType "swiss"]
[EventRounds "10"]
[EventCountry "ESP"]
[SourceTitle "EXT 2022"]
[Source "ChessBase"]
[SourceDate "2021.10.06"]
[SourceVersion "1"]
[SourceVersionDate "2021.10.06"]
[SourceQuality "1"]

1. e4 c5 2. Nf3 e6 3. d4 cxd4 4. Nxd4 Nc6 5. Nc3 Qc7 6. Be2 Nf6 7. 0-0 a6 8. Be3 Bb4 9. Na4 0-0 10. Nxc6 bxc6 11. Nb6 Rb8 12. Nxc8 Rfxc8 13. Bxa6 Re8 14. Bd3 Bd6 15. h3 Be5 16. c3 Rxb2 17. Qc1 Qb8 18. f4 Bc7 19. Rb1 Rxb1 20. Qxb1 e5 21. fxe5 Bxe5 22. Qxb8 Bxb8 23. Rb1 Be5 24. Bd4 g6 25. Rb7 Kf8 26. a4 Nxe4 27. Bxe4 Bxd4+ 28. cxd4 Rxe4 29. Rxd7 Re2 1/2-1/2

[Event "ESP-chT CECLUB Div2"]
[Site "Linares"]
[Date "2019.08.21"]
[Round "4.7"]
[White "Ayats Llobera, Gerard"]
[Black "Torres Sanchez, Jose"]
[Result "1-0"]
[WhiteElo "2377"]
[BlackElo "2304"]
[PlyCount "107"]
[EventDate "2019.08.19"]
[EventType "team-swiss"]
[EventRounds "7"]
[EventCountry "ESP"]
[SourceTitle "EXT 2020"]
[Source "ChessBase"]
[SourceDate "2019.10.17"]
[SourceVersion "1"]
[SourceVersionDate "2019.10.17"]
[SourceQuality "1"]
[WhiteTeam "Barcelona CE"]
[BlackTeam "Andreu Paterna II"]
[WhiteTeamCountry "ESP"]
[BlackTeamCountry "ESP"]

1. e4 c5 2. Nf3 Nc6 3. d4 cxd4 4. Nxd4 Qb6 5. Nb3 Nf6 6. Nc3 e6 7. Be3 Qc7 8. a3 a6 9. f4 d6 10. g4 g5 11. fxg5 Nd7 12. Bg2 Nde5 13. 0-0 Nc4 14. Bc1 N4e5 15. h3 Bd7 16. Ne2 0-0-0 17. Ng3 h6 18. Qe2 Kb8 19. Nh5 Rc8 20. Nf6 Ng6 21. gxh6 Rxh6 22. Bxh6 Bxh6 23. Rad1 Nce5 24. Nxd7+ Qxd7 25. Qf2 Qc7 26. Nd4 Bg5 27. c3 Rh8 28. Nf3 Nxf3+ 29. Qxf3 Qb6+ 30. Kh1 Ne5 31. Qf2 Qc7 32. Qd4 Be7 33. Kg1 Rc8 34. Rf4 Qc6 35. a4 Qe8 36. b3 Qh8 37. Rf2 Qh4 38. Qe3 Ka8 39. a5 Bg5 40. Qe1 Qg3 41. Rf1 Qxe1 42. Rfxe1 Rxc3 43. Rxd6 Rxb3 44. Ra1 Rb2 45. Kh1 Bf4 46. Rd8+ Ka7 47. Rg8 Bg3 48. Rg7 Ng6 49. Rxf7 e5 50. g5 Nf4 51. Rg1 Nxh3 52. g6 Bf4 53. Rxf4 Nxf4 54. g7 1-0